Guess the Taylor Swift Song with No Hints - 23 - Statistics

General Stats
  • This quiz has been taken 62 times
  • The average score is 401 of 500
Answer Stats
Answer % Correct
I
100%
(I)
100%
(I
100%
The
98%
the
98%
a
95%
you
95%
You
95%
(you)
95%
to
93%
be
90%
me
90%
me-
90%
(me)
90%
me,
90%
your
90%
when
88%
do
85%
it
85%
of
85%
then
85%
and
83%
And
83%
for
83%
No,
83%
no,
83%
on,
83%
think
83%
was
83%
all
80%
don't
80%
Don't
80%
(don't)
80%
is
80%
(oh)
80%
oh
80%
Oh,
80%
what
80%
(what?)
80%
day
78%
just
78%
like
78%
mine
78%
mine,
78%
one
78%
said
78%
They
78%
(they)
78%
Why?
78%
But
75%
but
75%
got
75%
in
75%
laugh
75%
look
75%
Look
75%
made
75%
trust
75%
yours
75%
another
73%
bad
73%
can't
73%
dead,
73%
dead
73%
drama,
73%
drama
73%
games
73%
gun
73%
How
73%
I'm
73%
karma
73%
lie
73%
little
73%
nobody
73%
not
73%
once,
73%
once
73%
play
73%
time
73%
time)
73%
trusts
73%
world
73%
about
70%
dreams
70%
fool
70%
from
70%
get
70%
moves
70%
names,
70%
now
70%
out
70%
perfect
70%
red,
70%
role
70%
smarter,
70%
up
70%
actress
68%
'cause
68%
come
68%
harder
68%
I'll
68%
Isn't
68%
list
68%
old
68%
phone
68%
right
68%
rose
68%
she's
68%
Taylor
68%
twice,
68%
underlined
68%
asked
65%
check
65%
Locked
65%
nick
65%
(nick
65%
place
65%
sorry,
65%
stage
65%
starring
65%
sure
65%
thing's
65%
tilted
65%
you'll
65%
belonged
63%
cool,
63%
crime
63%
kingdom
63%
sleep
63%
threw
63%
Maybe
60%
feast
58%
Honey,
58%
keys
58%
(keys)
58%
Ooh,
55%
Ooh
55%
staring
50%
No matching quizzes found
Score Distribution
Percent of People with Each Score
Percentile by Number Answered
Your Score History
You have not taken this quiz